Online
Catalog

La actuación femenina en el mundo académico / (Record no. 35689)

MARC details
000 -CABECERA
campo de control de longitud fija 01693nam a2200241 a 4500
001 - NÚMERO DE CONTROL
campo de control 000036198
005 - FECHA Y HORA DE LA ÚLTIMA TRANSACCIÓN
campo de control 20250311114825.0
008 - DATOS DE LONGITUD FIJA--INFORMACIÓN GENERAL
campo de control de longitud fija 120111s1986 ag r 000 0 spa d
020 ## - NÚMERO INTERNACIONAL ESTÁNDAR DEL LIBRO
Número Internacional Estándar del Libro 9509097659
040 ## - FUENTE DE LA CATALOGACIÓN
Centro catalogador/agencia de origen DO-SdBNP
Lengua de catalogación spa
Centro/agencia transcriptor BNPHU
082 ## - NÚMERO DE LA CLASIFICACIÓN DECIMAL DEWEY
Número de clasificación xxxx
Número de documento/Ítem xxxx
240 00 - TÍTULO UNIFORME
Título uniforme A feminist perspective in the academy. The difference it makes.
Lenguaje de la obra Español
245 03 - MENCIÓN DE TÍTULO
Título La actuación femenina en el mundo académico /
Mención de responsabilidad, etc. Elizabeth Langland y Walter Gove compiladores ; traducción Esteban Usabiaga.
260 ## - PUBLICACIÓN, DISTRIBUCIÓN, ETC.
Lugar de publicación, distribución, etc. Buenos Aires :
Nombre del editor, distribuidor, etc. Fraterna,
Fecha de publicación, distribución, etc. 1986.
300 ## - DESCRIPCIÓN FÍSICA
Extensión 221 p. ;
Dimensiones 20 cm.
500 ## - NOTA GENERAL
Nota general Incluye referencias bibliográficas y notas al pie de las páginas
505 0# - NOTA DE CONTENIDO CON FORMATO
Título Prólogo de los editores /
Mención de responsabilidad Elizabeth Langland y Walter Gove. --
Título El sentido de la diferencia /
Mención de responsabilidad Patricia Meyer Spacks. --
Título Nuevos horizontes para la crítica feminista en teatro y artes afines /
Mención de responsabilidad Nancy S. Reinhardt. --
Título La crítica feminista en el estudio de la religión /
Mención de responsabilidad Rosemary Radford Ruether. --
Título Aportes del Movimiento Feminista a la historia norteamericana /
Mención de responsabilidad Carl N. Degler. --
Título Desde el silencio: la mujer y la ciencia política /
Mención de responsabilidad Nannerl O. Keohane. --
Título Efectos del feminismo en el estudio de la economía /
Mención de responsabilidad Nancy S. Barrett. --
Título La antropología y el estudio del género /
Mención de responsabilidad Judith Shapiro. --
Título Cambios en las concepciones sobre el hombre y la mujer: un enfoque psicológico /
Mención de responsabilidad Janet T. Spence. --
Título La mujer en la sociología: nuevas pautas de estudio y viejas concepciones /
Mención de responsabilidad Cynthia Fuchs Epstein
590 ## - NOTA LOCAL (RLIN)
Nota local Inventariado, 2019/BT
650 20 - PUNTO DE ACCESO ADICIONAL DE MATERIA--TÉRMINO DE MATERIA
Término de materia o nombre geográfico como elemento de entrada Feminismo
9 (RLIN) 2525
700 1# - PUNTO DE ACCESO ADICIONAL--NOMBRE DE PERSONA
Nombre de persona Langland, Elizabeth,
Término indicativo de función/relación comp.
9 (RLIN) 62249
700 1# - PUNTO DE ACCESO ADICIONAL--NOMBRE DE PERSONA
Nombre de persona Gove, Walter,
Término indicativo de función/relación comp.
9 (RLIN) 62250
700 1# - PUNTO DE ACCESO ADICIONAL--NOMBRE DE PERSONA
Nombre de persona Usabiaga, Esteban,
Término indicativo de función/relación trad.
9 (RLIN) 62251
Holdings
Estado de retiro Estado de pérdida Restricciones de uso No para préstamo Código de colección Localización permanente Ubicación/localización actual Ubicación en estantería Fecha de adquisición Número de inventario Total de préstamos Signatura topográfica completa Código de barras Fecha visto por última vez Precio válido a partir de Tipo de ítem Koha Número de copia
      Excluido de préstamo Monografías: Libros y Folletos General General Depósito 11.01.2012 LF1   xxxx xxxx 36198-10 25.06.2020 25.06.2020 No se presta  
      Excluido de préstamo Monografías: Libros y Folletos General General Depósito 11.01.2012 LF1   xxxx xxxx 36198-20 25.06.2020 25.06.2020 No se presta e.2

Powered by Koha